| 000 | 00902nam a2200277 a 4500 | ||
|---|---|---|---|
| 999 |
_c1612 _d1612 |
||
| 007 | ta | ||
| 008 | 200110s2006 ii ||||g u|||f00| 0 eng d | ||
| 020 | _cRs. 180.00 | ||
| 040 |
_aKO _beng |
||
| 041 | 0 | _aeng | |
| 044 | _aii | ||
| 082 | 0 | 4 |
_223 _a623.862 _bIS12156:2006 |
| 110 | 2 | _aBureau of Indian Standards | |
| 245 | 1 | 0 | _aMarine Structures - Mobile Offshore units - Anchor Winches |
| 260 |
_aNew Delhi : _bBureau of Indian Standards, _c2006 |
||
| 300 |
_a8 p. ; _c30 cm. |
||
| 490 | 0 |
_aIndian Standard ; _vIS 12156 : 2006 |
|
| 650 | 0 |
_aOffshore structures _x Design and construction _xStandards _zIndia |
|
| 650 | 0 |
_aWinches _x Design and construction _xStandards _zIndia |
|
| 650 | 0 |
_aMobile offshore structures _x Design and construction _xStandards _zIndia |
|
| 650 | 0 |
_aOffshore structures _xAnchorage _xStandards |
|
| 904 | _aRUDRA_R | ||
| 905 | _aR_RANJAN | ||
| 942 | _cRT | ||